[Event "World Youth U16 Olympiad 2012"]
[Site "Istanbul TUR"]
[Date "2012.08.30"]
[Round "2.15"]
[White "McCusker,Andrew"]
[Black "Weinman,Rina"]
[Result "1-0"]
[WhiteElo "1659"]
[BlackElo "1525"]

1.c4 e5 2.g3 Bc5 3.Bg2 Ne7 4.Nc3 Ng6 5.e3 O-O 6.Nge2 Nc6 7.a3 a5 8.O-O d6
9.b3 Be6 10.d4 Bb6 11.d5 Bd7 12.dxc6 bxc6 13.Bb2 Kh8 14.b4 Rb8 15.b5 cxb5
16.cxb5 f5 17.a4 f4 18.exf4 exf4 19.Nd4 fxg3 20.hxg3 Qf6 21.Nd5 Qg5 22.Nxb6 cxb6
23.Nc6 Bxc6 24.bxc6  1-0

[Event "19th Graz Open 2012"]
[Site "Graz AUT"]
[Date "2012.08.31"]
[Round "7.2"]
[White "Fahrner,K"]
[Black "Zorko,Ju"]
[Result "1-0"]
[WhiteElo "2346"]
[BlackElo "2476"]

1.c4 e5 2.g3 Nf6 3.Bg2 h6 4.a3 c6 5.Nf3 e4 6.Nd4 d5 7.cxd5 Qxd5 8.Nc2 Qh5
9.h3 Bc5 10.b4 Bb6 11.Bb2 Nbd7 12.Nc3 Qg6 13.Ne3 O-O 14.Qc2 Re8 15.Rc1 Bxe3
16.dxe3 Nb6 17.Na4 Nxa4 18.Qxa4 Nd5 19.b5 Nb6 20.Qd4 cxb5 21.Rc7 Nc4 22.Ba1 Nxa3
23.O-O Nc4 24.Rd1 Kh7 25.Qd5 Be6 26.Qxb7 Rab8 27.Bxe4 Bf5 28.Bxf5 Qxf5 29.Qxa7 Rf8
30.Qd4 Qg6 31.Rd7 Kg8 32.h4 h5 33.Rd5 f6 34.Rxb5 Qf7 35.Rd5 Ne5 36.Qf4 Ng4
37.Qf5 g6 38.Qd3 Rb7 39.Rd8 Rxd8 40.Qxd8+ Kg7 41.e4 Ra7 42.Qd4 Qa2 43.Kg2 Re7
44.Rd2 Qa8 45.f3 Ne5 46.Qc5 Qe8 47.Bxe5 Rxe5 48.Rd5 Rxd5 49.Qxd5 Qe7 50.f4 Kh7
51.e5 fxe5 52.fxe5 Qa7 53.Qe4 Kg7 54.e6 Qe7 55.Qe5+ Kg8 56.Qd5 Kg7 57.Qd7 Kf6
58.Qxe7+ Kxe7 59.Kf3 Kxe6 60.Kf4  1-0

[Event "11th Istanbul Open A"]
[Site "Istanbul TUR"]
[Date "2012.08.31"]
[Round "2"]
[White "Yalcin,Ozgun"]
[Black "Marasli,T"]
[Result "1-0"]
[WhiteElo "1861"]
[BlackElo "2179"]

1.c4 e5 2.g3 Nf6 3.Bg2 c6 4.d4 e4 5.Nc3 d5 6.cxd5 cxd5 7.Bg5 Bb4 8.e3 Nc6
9.Ne2 Bg4 10.O-O Bxc3 11.bxc3 h6 12.Bxf6 Qxf6 13.h3 Be6 14.Rb1 Rb8 15.c4 O-O
16.Nc3 dxc4 17.Nxe4 Qe7 18.Nc5 Na5 19.Qa4 b6 20.Nxe6 Qxe6 21.Rfc1 Rbc8 22.Rc3 Rc7
23.Rbc1 Rfc8 24.Bf1 g6 25.Qb5 Kg7 26.R1c2 Nb7 27.Rxc4 Rxc4 28.Bxc4 Qxh3 29.Qe5+ Kh7
30.Be6 Qxe6 31.Qxe6 fxe6 32.Rxc8 Nd6 33.Rc7+ Kg8 34.Rxa7 Kf8 35.Rd7 Ne4 36.Rb7 Nc3
37.Rxb6 Nxa2 38.Rxe6 Kf7 39.Rb6 Nc3 40.Kf1 h5 41.Rc6 Ne4 42.Kg2 g5 43.Rh6 Nf6
44.Rxf6+ Kxf6 45.Kh3 Kf5 46.f3 Ke6  1-0

[Event "37th Trade Fair Open A"]
[Site "Brno CZE"]
[Date "2012.09.01"]
[Round "8"]
[White "Stehlik,Jiri1"]
[Black "Pribyl,Radek"]
[Result "0-1"]
[WhiteElo "2007"]
[BlackElo "1713"]

1.c4 e5 2.g3 Nf6 3.Bg2 Nc6 4.Nf3 d6 5.Nc3 Be6 6.b3 h6 7.d4 exd4 8.Nxd4 Nxd4
9.Qxd4 Qc8 10.O-O Be7 11.Bb2 O-O 12.Nd5 Bd8 13.Rad1 Bh3 14.Rd2 Bxg2 15.Kxg2 Qf5
16.f3 Re8 17.e4 Qe6 18.Nf4 Qe7 19.Rfd1 Qf8 20.Nd5 a6 21.Ne3 Nd7 22.Qd5 Rb8
23.Qf5 Ne5 24.h4 Re6 25.Qh3 Nc6 26.Nd5 Ne5 27.Nf4 Re8 28.Nd5 Re6 29.Re2 Qe8
30.Rde1 Nd3 31.Rd1 Nxb2 32.Rxb2 Rg6 33.Re2 Qe5 34.f4 Qh5 35.Rde1 Qxh4 36.f5 Qxh3+
37.Kxh3 Rg5 38.Rf1 c6 39.Nf4 Bf6 40.Rf3 Rd8 41.Kg2 Be5 42.Nh3 Rh5 43.Rd2 Kf8
44.Nf2 Ke7 45.Ng4 Rg5 46.Nf2 c5 47.Nd3 f6 48.Nxe5 fxe5 49.Rf1 Rf8 50.Rh1 h5
51.Rh4 Rf6 52.Rf2 g6 53.fxg6 Rfxg6 54.Rf3 Kd7 55.Kf2 Kc6 56.Rh3 Kb6 57.Ke2 Ka5
58.a3 b5 59.Kf2 bxc4 60.bxc4 Ka4 61.Rh1 Rg4 62.Re3 Rh6 63.Kf3 Rg8 64.Ke2 Rb8
65.Rd3 Rb2+ 66.Ke3 Rg6 67.Rh3 Rb3 68.Kd2 Rxd3+ 69.Kxd3 Kxa3 70.Kc3 a5 71.Kc2 Kb4
72.Rxh5 Rxg3 73.Rh6 Rc3+ 74.Kb2 Rxc4 75.Rxd6 Rxe4 76.Rb6+ Kc4 77.Ra6 Re2+
78.Ka3 Re1 79.Kb2 Kb5 80.Ra8 c4 81.Rb8+ Kc5 82.Rc8+ Kd4 83.Rd8+ Ke3 84.Kc3 e4
85.Kxc4 Rc1+ 86.Kb5 Ke2 87.Kxa5 e3 88.Kb4 Kf1 89.Rf8+ Ke1 90.Kb3 e2 91.Rf7 Kd2
92.Rd7+ Ke3 93.Re7+ Kf3 94.Rf7+ Kg4  0-1

[Event "37th Trade Fair Open A"]
[Site "Brno CZE"]
[Date "2012.09.01"]
[Round "8"]
[White "Pekar,V"]
[Black "Mikulu,L"]
[Result "1-0"]
[WhiteElo "2179"]
[BlackElo "1976"]

1.c4 e5 2.g3 Nc6 3.Bg2 g6 4.Nc3 Bg7 5.e4 d6 6.Nge2 Nge7 7.d3 Be6 8.Nd5 O-O
9.O-O f5 10.Be3 Qd7 11.Qd2 Rf7 12.Rae1 Raf8 13.f3 fxe4 14.dxe4 a5 15.b3 b6
16.Rd1 Nc8 17.Kh1 Nd8 18.Ng1 c5 19.f4 Bg4 20.Rde1 Nc6 21.h3 Be6 22.Nf3 Nd4
23.Ng5 Bxd5 24.cxd5 Rf6 25.Bxd4 exd4 26.h4 Bh6 27.Bh3 Qb5 28.Ne6 R8f7 29.g4 Rxe6
30.dxe6 Re7 31.g5 Bg7 32.f5 Be5 33.f6 Rc7 34.e7 Nxe7 35.Be6+  1-0

[Event "World Youth U16 Olympiad 2012"]
[Site "Istanbul TUR"]
[Date "2012.09.01"]
[Round "6.3"]
[White "Gagare,Shar"]
[Black "Artemiev,V"]
[Result "0-1"]
[WhiteElo "2287"]
[BlackElo "2476"]

1.c4 e5 2.g3 Nf6 3.Bg2 Bc5 4.Nc3 c6 5.e3 d6 6.Nge2 O-O 7.O-O Bb6 8.d4 Re8
9.b3 e4 10.Qc2 Bf5 11.Ba3 Na6 12.b4 d5 13.c5 Bc7 14.b5 Nb8 15.Qa4 Qc8 16.Rab1 a6
17.Bc1 h5 18.Rb2 cxb5 19.Nxb5 Nc6 20.Nbc3 Na5 21.f3 Nc4 22.Rb4 exf3 23.Rxf3 b5
24.cxb6 Nxb6 25.Qd1 Bg4 26.Rf2 Qe6 27.Qf1 h4 28.Nf4 Bxf4 29.Rxf4 Rac8 30.Rb3 hxg3
31.Rxf6 Qxf6 32.Qxf6 gxf6 33.hxg3 Na4 34.Nxa4 Rxc1+ 35.Kf2 Rc2+ 36.Kg1 Bd1
37.Bxd5 Rxa2 38.Rb1 Rxa4 39.Rxd1 Rxe3 40.Bc6 Ra2 41.d5 Rxg3+ 42.Kf1 Rga3
43.Rd4 Rc2 44.Rd1 Rac3 45.Rd4 Rxc6 46.dxc6 Rxc6 47.Ra4 Re6 48.Kf2 Kf8 49.Kf3 Ke7
50.Kf4 Kd7 51.Kf5 Kc7 52.Ra1 Kb6 53.Rb1+ Ka7 54.Ra1 Kb6 55.Rb1+ Kc5 56.Ra1 Kb4
57.Rb1+ Kc3 58.Ra1 Rb6 59.Ra4 Kb2 60.Ke4 Rd6 61.Ra5 Kc3 62.Ra1 Kb3 63.Kf4 Kb4
64.Rb1+ Kc5 65.Ra1 Kb6 66.Rb1+ Ka7 67.Ra1 Rd5 68.Ke4 Rb5 69.Kd4 a5 70.Kc4 Kb6
71.Rd1 Rc5+ 72.Kb3 f5 73.Rd7 Kc6 74.Rxf7 Kd6  0-1

[Event "134th ch-New York State"]
[Site "Colonie USA"]
[Date "2012.09.02"]
[Round "4"]
[White "Bennett,D"]
[Black "Treger,E"]
[Result "1-0"]
[WhiteElo "2208"]
[BlackElo "2203"]

1.c4 e5 2.g3 h5 3.Nf3 e4 4.Nd4 Qf6 5.Nb3 a5 6.Qc2 Qg6 7.Nc3 a4 8.Nd4 Bc5
9.Ndb5 Bxf2+ 10.Kd1 Na6 11.Qxe4+ Qxe4 12.Nxe4 Ba7 13.Nxa7 Rxa7 14.d4 Ne7
15.Bh3 d5 16.Bxc8 dxe4 17.Bh3 Ra8 18.Kc2 Rd8 19.Kc3 c5 20.dxc5 Nxc5 21.Be3 Ne6
22.Rad1 Rc8 23.Rd6 O-O 24.Rhd1 Rc6 25.Rxc6 Nxc6 26.Rd5 g6 27.Rd7 Rb8 28.Bxe6 fxe6
29.Bd4 e5 30.Bc5 b6 31.Bd6 Re8 32.c5 bxc5 33.Bxc5 Rc8 34.e3 Nb8 35.Rd5 Na6
36.Kc4 Kf7 37.b4 axb3 38.axb3 Rb8 39.Rd7+ Kg8 40.b4 Rc8 41.Rd6 Nxc5 42.bxc5 Kf7
43.c6 Ke7 44.Kd5 Ra8 45.Rxg6 Ra5+ 46.Kxe4 h4 47.c7 Kd7 48.Rg7+ Kc8 49.Rh7 hxg3
50.hxg3 Ra4+ 51.Kf3 Ra1 52.g4 Rg1 53.Rg7 Kb7 54.g5 Kc8 55.Ke4 Rg3 56.g6 Kb7
57.Kd5 Rxe3 58.Re7 e4 59.g7 Rd3+ 60.Kxe4 Rd1 61.c8=Q+ Kb6 62.Rb7+ Ka6 63.Qa8+  1-0

[Event "11th Kesarovski-Stanchev Mem"]
[Site "Sunny Beach BUL"]
[Date "2012.09.02"]
[Round "2.24"]
[White "Golcman,E"]
[Black "Hrbolka,L sr"]
[Result "1-0"]
[WhiteElo "2329"]
[BlackElo "2143"]

1.c4 e5 2.g3 Nf6 3.Bg2 d5 4.cxd5 Nxd5 5.Nf3 Nc6 6.O-O Be7 7.d4 e4 8.Ne5 f5
9.Nxc6 bxc6 10.Bd2 O-O 11.Qc2 Rf6 12.Bg5 Re6 13.Bxe7 Qxe7 14.Nc3 Rb8 15.Rac1 Nb6
16.Rfd1 Rd6 17.e3 Be6 18.b3 Bf7 19.Bf1 h5 20.Bg2 h4 21.Rf1 Re8 22.Rce1 Rh6
23.f3 hxg3 24.hxg3 exf3 25.Rxf3 Bg6 26.Rf4 Bh7 27.e4 Qb4 28.Qd2 Rhe6 29.e5 Nd5
30.Bxd5 cxd5 31.a3 Qxb3 32.Rf3 c6 33.Kg2 Qc4 34.Ne2 Qb5 35.Rh1 Rb8 36.Nf4 Qb2
37.Qxb2 Rxb2+ 38.Rf2 Rxf2+ 39.Kxf2 Re7 40.Rc1 g5 41.Nh3 f4 42.gxf4 gxf4 43.Nxf4 Rb7
44.Rxc6 Be4 45.Rd6 Rb5 46.Kg3 Ra5 47.Kg4 Rxa3 48.Nxd5 Bxd5 49.Rxd5 a5 50.Kf5 a4
51.Ke6 Rf3 52.Rd8+ Kg7  1-0

[Event "11th Istanbul Open A"]
[Site "Istanbul TUR"]
[Date "2012.09.04"]
[Round "5"]
[White "Duman,A"]
[Black "Karpatchev,A"]
[Result "1/2-1/2"]
[WhiteElo "2217"]
[BlackElo "2456"]

1.c4 e5 2.g3 Nf6 3.Bg2 d5 4.cxd5 Nxd5 5.Nc3 Nb6 6.Nf3 Nc6 7.O-O Be7 8.a3 O-O
9.b4 Re8 10.d3 a5 11.b5 Nd4 12.Bb2 Bf8 13.Nxd4 exd4 14.Nb1 a4 15.Nd2 Ra5
16.Nf3 Bc5 17.Rc1 Rxb5 18.Rc2 Rxb2 19.Rxb2 Bxa3 20.Rc2 Bb4 21.Nd2 Nd5 22.Bxd5 Qxd5
23.Rxc7 Bxd2 24.Qxd2 Bh3 25.f3 Bxf1 26.Kxf1 a3 27.Qc1 Qe6 28.Qxa3 Qxe2+ 29.Kg1 h5
30.Qc1 Qxf3 31.Qf1 Qxf1+ 32.Kxf1 Re3 33.Rxb7 Rxd3 34.Rb8+ Kh7 35.Rd8 Rd2
36.h4 Kg6 37.Rd5 f6 38.Ra5 d3 39.Rd5 Rd1+ 40.Kf2 d2 41.Kg2 Kf7 42.Rd3 Ke6
43.Rd8 Kf5 44.Rd5+ Ke6 45.Rd8 g6 46.Rd3 f5 47.Rd8 Kf6 48.Rd6+ Ke5 49.Rd8 f4
50.gxf4+ Kf5 51.Rd6 Ra1 52.Rxd2 Kg4 53.Rd6 Ra2+ 54.Kg1 Kf5 55.Rd5+ Kxf4 56.Rg5 Ra6
57.Kg2 Rb6 58.Kh3 Rc6 59.Kg2 Re6 60.Kh3 Kf3 61.Rg3+ Kf2 62.Rg2+ Kf1 63.Rg5 Rf6
64.Kg3 Kg1 65.Ra5 Kf1 66.Re5 Rc6 67.Re4 Rc3+ 68.Kh2 Rf3 69.Re6 Rf2+ 70.Kh3 Kg1
71.Kg3 Rg2+ 72.Kh3  1/2-1/2

[Event "11th Kesarovski-Stanchev Mem"]
[Site "Sunny Beach BUL"]
[Date "2012.09.08"]
[Round "8.15"]
[White "Golcman,E"]
[Black "Arnaudov,P"]
[Result "1-0"]
[WhiteElo "2329"]
[BlackElo "2134"]

1.c4 e5 2.g3 c6 3.Nf3 e4 4.Nd4 d5 5.cxd5 Qxd5 6.e3 Nf6 7.Nc3 Qe5 8.d3 Bb4
9.Bd2 c5 10.Nc2 Bg4 11.d4 cxd4 12.exd4 Qe7 13.Be2 Bxe2 14.Qxe2 Nc6 15.O-O Bxc3
16.bxc3 O-O 17.c4 Rfe8 18.Rae1 Rad8 19.Bc3 Qd7 20.f3 Qf5 21.f4 Qc8 22.d5 Ne7
23.Bxf6 gxf6 24.Ne3 f5 25.a4 Rd6 26.Kh1 a6 27.Rg1 Rg6 28.Rg2 Qc5 29.Reg1 h5
30.h3 Kg7 31.Re1 Qb4 32.Kh2 Rh6 33.Qb2+ Qxb2 34.Rxb2 b6 35.Reb1 h4 36.g4 fxg4
37.hxg4 f5 38.g5 Rd6 39.Rxb6 Rxb6 40.Rxb6 Rd8 41.Kh3 Rd7 42.Kxh4 a5 43.Kg3  1-0

[Event "TCh-NED Meesterklasse 2012-13"]
[Site "Den Bosch NED"]
[Date "2012.09.15"]
[Round "1.1"]
[White "Zaragatski,I"]
[Black "Burg,T"]
[Result "1/2-1/2"]
[WhiteElo "2471"]
[BlackElo "2485"]

1.c4 e5 2.g3 Nf6 3.Bg2 Nc6 4.Nc3 Bc5 5.e3 d5 6.cxd5 Nb4 7.d3 Nbxd5 8.Nxd5 Nxd5
9.Nf3 Qe7 10.O-O O-O 11.a3 a5 12.Qc2 Bd6 13.b3 a4 14.b4 f5 15.Qa2 Be6 16.Ng5 Qxg5
17.Bxd5 Bxd5 18.Qxd5+ Kh8 19.Qxb7 f4 20.Qg2 f3 21.Qh3 e4 22.Bb2 exd3 23.Rfd1 Rad8
24.Rac1 d2 25.Rxd2 Bxg3 26.Rxd8 Bh4+ 27.Kh1 Qxd8 28.Rg1 Bf6 29.Bxf6 Qxf6
30.Qd7 c6 31.e4 Rd8 32.Qa7 h6 33.Qe3 Rf8 34.Qc5 Re8 35.Qe3 Re7 36.Rg3 Qa1+
37.Rg1 Qf6 38.Rg3  1/2-1/2

[Event "TCh-NED Meesterklasse 2012-13"]
[Site "Netherland NED"]
[Date "2012.09.15"]
[Round "1.4"]
[White "Bitalzadeh,A"]
[Black "Tjiam,D"]
[Result "1-0"]
[WhiteElo "2404"]
[BlackElo "2386"]

1.c4 e5 2.g3 Nc6 3.Bg2 g6 4.Nc3 Bg7 5.Rb1 Nge7 6.b4 Nd4 7.e3 Ne6 8.Nge2 c6
9.d4 exd4 10.exd4 d5 11.cxd5 cxd5 12.O-O O-O 13.Qb3 Nf5 14.Qxd5 Nexd4 15.Nxd4 Bxd4
16.Nb5 Be6 17.Qxd8 Rfxd8 18.Nxd4 Nxd4 19.Bg5 Rd7 20.Bf6 Nc6 21.Rfd1 Rxd1+
22.Rxd1 a6 23.Rd2 Re8 24.a3 Bf5 25.h3 h6 26.g4 Bc8 27.f4 Nb8 28.Bc3 Nc6 29.Rd6 Rd8
30.Rxd8+ Nxd8 31.Kf2 Nc6 32.Ke3 Be6 33.a4 Bc4 34.Be4 Kf8 35.h4 Ke7 36.h5 gxh5
37.gxh5 Kf8 38.Bf5 Bb3 39.a5 Ne7 40.Be4 Nd5+ 41.Kd4 Nxc3 42.Kxc3 Bd1 43.Bxb7 Bxh5
44.Bxa6 Bf3 45.Bb5 Ke7 46.Kd4 Kd6 47.Be8 f6 48.b5 h5 49.Ke3 Bg4 50.b6 h4
51.a6 Bc8 52.b7  1-0

[Event "4th Torneo Linares 2012"]
[Site "Cayey PUR"]
[Date "2012.09.16"]
[Round "2.2"]
[White "Machin Rivera,M"]
[Black "Zilleruelo Irizarry,Diego"]
[Result "1-0"]
[WhiteElo "2323"]
[BlackElo "2056"]

1.c4 e5 2.g3 Nf6 3.Bg2 Nc6 4.Nc3 Bc5 5.e3 O-O 6.Nge2 Re8 7.d3 d6 8.O-O Bf5
9.h3 e4 10.d4 Bb6 11.g4 Bg6 12.Ng3 h6 13.a3 Qd7 14.Qc2 Na5 15.c5 dxc5 16.dxc5 Bxc5
17.b4 Bxb4 18.axb4 Nc6 19.Qb3 Qd6 20.Ba3 Qe5 21.Rfd1 Rad8 22.Bb2 Rxd1+ 23.Nxd1 Qd6
24.b5 Ne5 25.Rxa7 Nf3+ 26.Bxf3 exf3 27.Bd4 h5 28.Bxf6 h4 29.Bxh4  1-0

[Event "InventiChess IM 2012"]
[Site "Antwerp BEL"]
[Date "2012.09.17"]
[Round "4.2"]
[White "Maenhout,T"]
[Black "Haast,A"]
[Result "1/2-1/2"]
[WhiteElo "2392"]
[BlackElo "2235"]

1.c4 e5 2.g3 Nf6 3.Bg2 d5 4.cxd5 Nxd5 5.Nc3 Nb6 6.Nf3 Nc6 7.O-O Be7 8.a3 O-O
9.b4 Be6 10.Rb1 f6 11.d3 a5 12.b5 Nd4 13.Nd2 Qc8 14.e3 Nf5 15.Qc2 Rd8 16.Bb2 Nh6
17.Rfd1 Nf7 18.Rbc1 Bg4 19.Re1 Bf5 20.Nce4 Qd7 21.d4 Qxb5 22.Qxc7 Qxb2 23.Qxe7 Nd5
24.Nc4 Nxe7 25.Nxb2 Rac8 26.Nc5 b6 27.Nca4 Rxc1 28.Rxc1 exd4 29.exd4 b5 30.Nc5 Rxd4
31.Nb3 Rd7 32.Nxa5 Ne5 33.Nb3 Nd3 34.Nxd3 Rxd3 35.Rb1 Rc3 36.Rb2 Be6 37.Nd2 Rxa3
38.Rxb5 Ra2 39.Nf1 Ra1 40.Rb2 Bc4 41.Rc2 Ba6 42.Rc7 Re1  1/2-1/2

[Event "DYTM KL Open 2012"]
[Site "Kuala Lumpur MAS"]
[Date "2012.09.18"]
[Round "1.7"]
[White "Limono,Handjojo"]
[Black "Cao,S"]
[Result "0-1"]
[WhiteElo "1933"]
[BlackElo "2502"]

1.c4 e5 2.g3 Nf6 3.Bg2 Nc6 4.Nc3 Bb4 5.Nd5 Bc5 6.e3 O-O 7.a3 Nxd5 8.cxd5 Ne7
9.b4 Bd6 10.Bb2 c6 11.dxc6 dxc6 12.d4 exd4 13.Qxd4 Nf5 14.Qd2 Be7 15.Nf3 a5
16.bxa5 Rxa5 17.O-O Qxd2 18.Nxd2 Be6 19.Rfb1 Rfa8 20.h4 h6 21.Bf3 Nd6 22.Bc3 Rb5
23.Rc1 Kf8 24.a4 Rb6 25.Be2 Bf6 26.Bxf6 gxf6 27.Nc4 Bxc4 28.Bxc4 Rb4 29.Be2 Raxa4
30.Rxa4 Rxa4 31.Bf3 f5 32.Kg2 Ra2 33.Rb1 Ke7 34.g4 fxg4 35.Bxg4 b5 36.Bf3 c5
37.Bd5 Rd2 38.e4 c4 39.Bc6 c3 40.e5 Nc4 41.Bxb5 Na3 42.Rb3 c2 43.Rxa3 c1=Q
44.Ra7+ Ke6  0-1

[Event "DYTM KL Open 2012"]
[Site "Kuala Lumpur MAS"]
[Date "2012.09.18"]
[Round "2.15"]
[White "Noguchi,K"]
[Black "Diano,Eden"]
[Result "0-1"]
[WhiteElo "2068"]
[BlackElo "2416"]

1.c4 e5 2.g3 g6 3.Bg2 Bg7 4.Nc3 Nc6 5.e4 Nge7 6.Nge2 d6 7.O-O O-O 8.d3 h6
9.Be3 f5 10.Nd5 Be6 11.Rc1 Qd7 12.Qd2 Kh7 13.b4 Rab8 14.b5 Nd4 15.Bxd4 exd4
16.Nef4 fxe4 17.Bxe4 Bf5 18.Rfe1 Ng8 19.Bxf5 Rxf5 20.Qe2 Re5 21.Qb2 Rbe8
22.Ng2 c6 23.bxc6 bxc6 24.Nb4 Nf6 25.f4 Rxe1+ 26.Rxe1 Ng4 27.Qd2 Ne3 28.Nc2 Nxg2
29.Rxe8 Qxe8 30.Kxg2 c5 31.Ne1 Qc6+ 32.Kg1 d5 33.Qg2 Qe6 34.Qf2 dxc4 35.f5 gxf5
36.dxc4 d3 37.Kf1 Qe4 38.Qf3 d2  0-1

[Event "TCh-SRB Prem 2012"]
[Site "Valjevo SRB"]
[Date "2012.09.18"]
[Round "2.5"]
[White "Djuric,S"]
[Black "Rabrenovic,V"]
[Result "1/2-1/2"]
[WhiteElo "2445"]
[BlackElo "2396"]

1.c4 e5 2.g3 f5 3.d4 d6 4.Nc3 Nf6 5.Nf3 e4 6.Ng5 h6 7.Nh3 g5 8.f3 Bg7 9.fxe4 Nxe4
10.Bg2 O-O 11.O-O Nc6 12.e3 Nxc3 13.bxc3 Qe8 14.Qd3 Be6 15.Ba3 Na5 16.d5 Bd7
17.Bb4 b6 18.Bxa5 bxa5 19.Rab1 Rb8 20.Rxb8 Qxb8 21.Rb1 Qc8 22.Nf2 Be5 23.Bf3 Qa6
24.Be2 a4 25.a3 Bf6 26.Rb4 c5 27.Rb1 Qa5  1/2-1/2

[Event "Vladivostok Russian Cup 2012"]
[Site "Vladivostok RUS"]
[Date "2012.09.18"]
[Round "2.7"]
[White "Kokarev,Dm"]
[Black "Diu,V"]
[Result "1-0"]
[WhiteElo "2604"]
[BlackElo "2486"]

1.c4 e5 2.g3 Nc6 3.Bg2 f5 4.Nc3 Nf6 5.e3 d5 6.cxd5 Nb4 7.d3 Nfxd5 8.Nxd5 Nxd5
9.Nf3 Bb4+ 10.Bd2 Bxd2+ 11.Qxd2 Qd6 12.O-O O-O 13.e4 Nf6 14.Qc3 Re8 15.Ng5 f4
16.gxf4 exf4 17.Rfe1 Re5 18.h4 c5 19.Rad1 Bg4 20.Qb3+ Be6 21.Qxb7 Rb8 22.Qxa7 Bg4
23.Qf7+ Kh8 24.Qc4 Bh5 25.d4 cxd4 26.Rxd4 Qe7 27.Qc3 h6 28.Nf3 Rc5 29.Qd2 Bxf3
30.Bxf3 g5 31.hxg5 hxg5 32.Bg2 Qe5 33.b4 Rc7 34.Rd6 g4 35.Qd4 Qxd4 36.Rxd4 f3
37.e5 Re7 38.Bf1 Rg8 39.Bc4 Rg5 40.Rd8+ Kh7 41.Bd3+  1-0

[Event "Vladivostok Russian Cup 2012"]
[Site "Vladivostok RUS"]
[Date "2012.09.18"]
[Round "2.21"]
[White "Mikhailova,L"]
[Black "Pavlovskiy,M"]
[Result "0-1"]
[WhiteElo "2006"]
[BlackElo "2252"]

1.c4 e5 2.g3 Nc6 3.Bg2 Nf6 4.Nc3 d6 5.d3 g6 6.e4 Bg7 7.Nge2 O-O 8.O-O Nh5
9.Be3 f5 10.Qd2 Nf6 11.Bg5 Be6 12.Nd5 Qd7 13.b4 a6 14.a4 Nd8 15.Nec3 Nxd5
16.exd5 Bf7 17.b5 b6 18.a5 axb5 19.axb6 Rxa1 20.Rxa1 cxb6 21.Nxb5 Nb7 22.Ra6 Be8
23.Rxb6 f4 24.Rxb7 Qxb7 25.Nxd6 Qb1+ 26.Bf1 Bd7 27.d4 Bh3 28.Qd3 Qxd3 29.Bxd3 Ra8
30.f3 e4 31.Kf2 exd3 32.Nb5 Ra2+ 33.Ke1 d2+ 34.Kd1 Bg2 35.Nc3 Bxf3+ 36.Ne2 Bxe2+
37.Kxe2 f3+  0-1

[Event "TCh-SRB Prem 2012"]
[Site "Valjevo SRB"]
[Date "2012.09.20"]
[Round "4.1"]
[White "Lazic,Mir"]
[Black "Govedarica,R"]
[Result "1/2-1/2"]
[WhiteElo "2452"]
[BlackElo "2399"]

1.g3 e5 2.c4 Nc6 3.Bg2 g6 4.Nc3 Bg7 5.Rb1 a5 6.a3 Nf6 7.b4 axb4 8.axb4 d6
9.d3 O-O 10.Nf3 Bd7 11.O-O Qc8 12.Bg5 Re8 13.b5 Nd4 14.Nxd4 exd4 15.Bxf6 Bxf6
16.Nd5 Bd8 17.Qd2 c6 18.bxc6 bxc6 19.Nb6 Bxb6 20.Rxb6 Rb8 21.Rxb8 Qxb8 22.Bf3 c5
23.Qf4 Kg7 24.h4 h6 25.Ra1 Re5 26.g4 Qb6 27.Bd5 Be6 28.Bf3 Bd7 29.Bd5  1/2-1/2

[Event "TCh-SUI National A 2012"]
[Site "Switzerland SUI"]
[Date "2012.09.22"]
[Round "6.4"]
[White "Moor,R"]
[Black "Kurmann,O"]
[Result "0-1"]
[WhiteElo "2389"]
[BlackElo "2458"]

1.c4 e5 2.g3 Nc6 3.Bg2 Bc5 4.Nc3 a6 5.Nf3 d6 6.O-O Nf6 7.d3 h6 8.a3 O-O 9.b4 Ba7
10.h3 Be6 11.Kh2 Qd7 12.Ng1 d5 13.cxd5 Nxd5 14.Bb2 Nd4 15.e3 Nc6 16.Rc1 Rad8
17.Qe2 Nxc3 18.Rxc3 Bd5 19.Rfc1 Rfe8 20.Qg4 f5 21.Bxd5+ Qxd5 22.Qe2 Bb6 23.Nf3 Nd4
24.Nxd4 exd4 25.Rxc7 Bxc7 26.Rxc7 Rd7 27.Rxd7 Qxd7 28.Bxd4 Rc8 29.Qb2 Rc6
30.a4 Qc8 31.b5 axb5 32.axb5 Rc2 33.Qb3+ Kh7 34.e4 fxe4 35.b6 e3 36.Bxe3 Rc3
37.Qd5 Qc6 38.Qe4+ Qxe4 39.dxe4 Rxe3 40.fxe3 Kg6 41.g4 Kf6 42.Kg3 g5 43.h4 Ke5
44.hxg5 hxg5 45.Kf3 Kd6 46.Ke2 Kc5 47.Kd3 Kxb6 48.Kc4 Kc6 49.e5 Kd7 50.Kd5 Ke7
51.e6 b5 52.Kc5 Kxe6 53.Kxb5 Kd5 54.Kb4 Ke4  0-1

[Event "21st TCh-CRO w 2012"]
[Site "Sibenik CRO"]
[Date "2012.09.24"]
[Round "2.3"]
[White "Mrakovcic,K"]
[Black "Djeno,S"]
[Result "1/2-1/2"]
[WhiteElo "1765"]
[BlackElo "2019"]

1.c4 e5 2.g3 Nf6 3.Bg2 d5 4.cxd5 Nxd5 5.Nc3 Be6 6.Nf3 Nc6 7.O-O f6 8.d3 Qd7
9.Re1 O-O-O 10.a3 g5 11.Qa4 g4 12.Nd2 f5 13.Nc4 Bc5 14.Bd2 Rdf8 15.b4 Bd4
16.Rac1 f4 17.e3 f3 18.Bf1 Bxc3 19.Bxc3 Nxc3 20.Rxc3 Bxc4 21.Rxc4 Kb8 22.b5 Ne7
23.Rxg4 h5 24.Re4 Ng6 25.h4 Rhg8 26.Kh2 Qd6 27.Qb4 Qd5 28.Qc4 Qd6 29.a4 Ne7
30.a5 Nf5 31.a6 Nxg3 32.fxg3 Qg6 33.g4 hxg4 34.Kg3 f2 35.Rc1 Rf3+ 36.Kg2 Rf7
37.Be2 Rfg7 38.Kxf2 g3+ 39.Kg2 Rf8 40.Bf3 Rxf3 41.Rg4 Qxg4 42.Qxg4 Rxg4 43.Kxf3 Rxh4
44.Kxg3 Rh6 45.axb7 Rd6 46.Kf3 Rd5 47.Rb1 Rxd3 48.Ke4 Rc3 49.Rd1 Kxb7 50.Rd5  1/2-1/2

[Event "21st TCh-CRO 1b 2012"]
[Site "Sibenik CRO"]
[Date "2012.09.24"]
[Round "2.2"]
[White "Tratar,M"]
[Black "Horvath,Jo1"]
[Result "1-0"]
[WhiteElo "2502"]
[BlackElo "2532"]

1.c4 e5 2.g3 Nf6 3.Bg2 d5 4.cxd5 Nxd5 5.Nc3 Nb6 6.Nf3 Nc6 7.O-O Be7 8.a3 O-O
9.b4 Be6 10.Rb1 f6 11.d3 Qd7 12.Qc2 Nd4 13.Nxd4 exd4 14.Ne4 Bd5 15.Bb2 Rae8
16.Rfe1 c6 17.Ba1 Rf7 18.Nd2 Bxg2 19.Kxg2 f5 20.Nf3 Bf6 21.Qc5 Na4 22.Qxa7 Nc3
23.Bxc3 dxc3 24.d4 g5 25.Qc5 Rfe7 26.Qxc3 Qd5 27.Qc5 Qe4 28.Kg1 f4 29.Nxg5 Bxg5
30.Qxg5+ Rg7 31.Qh5 fxg3 32.hxg3 Rf8 33.Rbd1 Rf5 34.Qh3 h5 35.Rd3 h4 36.Re3 Qd5
37.Qxh4 Qf7 38.Qd8+ Kh7 39.Qh4+ Kg8 40.Qd8+ Kh7 41.Qe8 Qf6 42.Qe4  1-0

[Event "21st TCh-CRO 1a 2012"]
[Site "Sibenik CRO"]
[Date "2012.09.24"]
[Round "2.54"]
[White "Kovacevic,Bl"]
[Black "Krstic,U"]
[Result "1/2-1/2"]
[WhiteElo "2446"]
[BlackElo "2466"]

1.c4 e5 2.g3 Nc6 3.Bg2 g6 4.Nc3 Bg7 5.d3 d6 6.Nf3 Nf6 7.O-O O-O 8.Rb1 a5
9.Bg5 h6 10.Bxf6 Qxf6 11.a3 Qd8 12.b4 axb4 13.axb4 Be6 14.b5 Ne7 15.Qc2 c6  1/2-1/2

[Event "21st TCh-CRO 1b 2012"]
[Site "Sibenik CRO"]
[Date "2012.09.24"]
[Round "2.3"]
[White "Gonda,L"]
[Black "Nikcevic,N"]
[Result "1-0"]
[WhiteElo "2528"]
[BlackElo "2432"]

1.c4 e5 2.g3 Nf6 3.Bg2 d5 4.cxd5 Nxd5 5.Nc3 Nb6 6.e3 c5 7.Nge2 Nc6 8.O-O Bg4
9.h3 Be6 10.d4 cxd4 11.exd4 exd4 12.Bxc6+ bxc6 13.Nxd4 Bd7 14.Qf3 Rc8 15.Re1+ Be7
16.Bg5 f6 17.Rad1 O-O 18.Bf4 Rf7 19.Ne6 Qe8 20.Nc5 Bxc5 21.Rxe8+ Rxe8 22.Bd6 Bxd6
23.Rxd6 Nc4 24.Rd4 Ne5 25.Qg2 Bxh3 26.Qh1 Bg4 27.Rxg4 Nxg4 28.Qxc6 Re1+ 29.Kg2 g6
30.Qc8+ Kg7 31.Qxg4 Rc1 32.Qe2 Rd7 33.Qe6 Rf7 34.Nb5 Rb1 35.Nd6  1-0

[Event "Vladivostok Russian Cup 2012"]
[Site "Vladivostok RUS"]
[Date "2012.09.25"]
[Round "9.7"]
[White "Maletin,P"]
[Black "Yakovich,Yur"]
[Result "1-0"]
[WhiteElo "2587"]
[BlackElo "2525"]

1.c4 e5 2.g3 Nf6 3.Bg2 d5 4.cxd5 Nxd5 5.Nc3 Nb6 6.e3 Nc6 7.Nge2 Be6 8.d4 exd4
9.exd4 Bb4 10.O-O Bc4 11.Re1 O-O 12.Be3 Nd5 13.Rc1 Re8 14.a3 Bxc3 15.Nxc3 Nxc3
16.bxc3 Bd5 17.Bf1 Qf6 18.Qh5 Bf3 19.Qh3 Re7 20.g4 Be4 21.Qg3 Rae8 22.Bf4 Bd5
23.Rxe7 Qxe7 24.c4 Be4 25.Rd1 Qf6 26.g5 Qg6 27.d5 Ne7 28.f3 Nf5 29.Qf2 Qh5
30.Re1 Nh4 31.Rxe4  1-0

[Event "Baku Open 2012"]
[Site "Baku AZE"]
[Date "2012.09.27"]
[Round "6.21"]
[White "Yilmaz,M"]
[Black "Guliyeva,S"]
[Result "1-0"]
[WhiteElo "2537"]
[BlackElo "2051"]

1.c4 e5 2.g3 c6 3.d4 d6 4.Nc3 Nf6 5.Bg2 Be6 6.d5 cxd5 7.cxd5 Bd7 8.Nf3 a5
9.O-O Na6 10.Ne1 Be7 11.Nd3 h5 12.f4 Qb6+ 13.e3 exf4 14.gxf4 h4 15.Kh1 O-O-O
16.Qb3 Nb4 17.Bd2 Bf5 18.Na4 Qa6 19.Nxb4 axb4 20.Qxb4 Kb8 21.Rac1 h3 22.Bf3 Bg4
23.Bxg4 Nxg4 24.Qc4 Qxc4 25.Rxc4 Rc8 26.Rxc8+ Rxc8 27.Nc3 g5 28.Kg1 Bd8 29.Rf3 Bb6
30.Rxh3 Re8 31.Nd1 Nf6 32.Kg2 Nxd5 33.Rf3 Nxf4+ 34.Kg1 Rh8  1-0

[Event "30th Balaton Open"]
[Site "Heviz HUN"]
[Date "2012.09.27"]
[Round "5.13"]
[White "Metaxasz,V"]
[Black "Kosztolanczi,G"]
[Result "1-0"]
[WhiteElo "2151"]
[BlackElo "2130"]

1.c4 e5 2.g3 Nc6 3.Bg2 Nf6 4.Nc3 Bc5 5.a3 a5 6.e3 O-O 7.Nge2 d6 8.O-O Bb6
9.d4 Bg4 10.h3 Bf5 11.g4 exd4 12.exd4 Bd7 13.Bg5 Ne7 14.Ng3 Ne8 15.Bxe7 Qxe7
16.Nd5 Qh4 17.Nxb6 cxb6 18.Qb3 Nf6 19.Qxb6 h5 20.Nf5 Bxf5 21.gxf5 Ne4 22.Rad1 Qf4
23.Qxb7 Nd2 24.Rfe1 Rab8 25.Qd5 Rxb2 26.Re2 Rfb8 27.c5 Rb1 28.Ree1 R1b2 29.Re2 Nb1
30.Rxb2 Rxb2 31.cxd6 Qxf2+ 32.Kh1 Nc3 33.d7 Nxd1 34.d8=Q+ Kh7 35.Qg5 Qe1+
36.Kh2 Qe2 37.Qxf7  1-0

[Event "21st TCh-CRO 1a 2012"]
[Site "Sibenik CRO"]
[Date "2012.09.28"]
[Round "6.53"]
[White "Sinanovic,M"]
[Black "Palac,M"]
[Result "1/2-1/2"]
[WhiteElo "2400"]
[BlackElo "2591"]

1.c4 e5 2.g3 Nf6 3.Bg2 d5 4.cxd5 Nxd5 5.Nf3 Nc6 6.Nc3 Nb6 7.O-O Be7 8.a3 O-O
9.b4 Be6 10.d3 a5 11.b5 Nd4 12.Rb1 f6 13.Nd2 Qc8 14.e3 Nf5 15.Qc2 Rd8  1/2-1/2